000 01090nam a22002657a 4500
005 20170731142843.0
010 _a1617EN ENG-117245
020 _a9781471129452
_c799.00
020 _a9781471129469
_c599.00 (AV)
035 _aB-649038-046
035 _aEN-100777
035 _aB-667294
037 _adpl
_bAakar
037 _bDBAD/PUB
082 _a954.08
100 _aMount, Ferdinand
245 _aThe tears of the rajas :
_cby Ferdinand Mount
_bmutiny, money and marriage in India 1805-1905 /
260 _aLondon
_bSimon & Schuster
_c2015
270 _aFirst Floor, 222 Gray's Inn Road,
_bLondon
_eWCIX 8HB
300 _a773p.
_c23cm(hb)
500 _aIncludes index
942 _2ddc
_cEN
_mMOU
_h954.08
999 _c102441
_d102441